| 000 | 00508nam a22001937a 4500 | ||
|---|---|---|---|
| 003 | MPLRDC | ||
| 005 | 20220104123939.0 | ||
| 008 | 210129b ||||| |||| 00| 0 eng d | ||
| 020 | _a957-529-525-0 | ||
| 082 | _a170.8 SHDX v.11 | ||
| 100 | _a松本幸夫 | ||
| 245 |
_a念力: 愿望实现法 _c萧宏成译 |
||
| 250 | _a初版一刷 | ||
| 260 |
_a _b世茂出版社 _c1995 |
||
| 300 | _b平 | ||
| 490 | _a生活大学. 励志潜开发. 11 | ||
| 650 | _a心理学总论 | ||
| 942 |
_cBK _o170.8 SHDX v.11 |
||
| 999 |
_c15444 _d15434 |
||